Normal view MARC view
  • Price regulation

Entry Topical Term

Number of records used in: 4

001 - CONTROL NUMBER

  • control field: 8785

003 - CONTROL NUMBER IDENTIFIER

  • control field: OSt

005 - DATE AND TIME OF LATEST TRANSACTION

  • control field: 20170531144829.0

008 - FIXED-LENGTH DATA ELEMENTS

  • fixed length control field: 170531|| aca||aabn | a|a d

040 ## - CATALOGING SOURCE

  • Original cataloging agency: OSt
  • Transcribing agency: OSt

150 ## - HEADING--TOPICAL TERM

  • Topical term or geographic name entry element: Price regulation
  • Geographic subdivision: Malaysia

670 ## - SOURCE DATA FOUND

  • Source citation: Work cat.: (OSt)0: Malaysia 400, Akta Perihal Dagangan 1972 (Akta 87) & peraturan-peraturan & perintah-perintah :, 2006
Pusat Sumber Maklumat Dato' Haji Sarmin Md Hussin, Akademi Kastam Diraja Malaysia, Melaka
Tel: 06-2331106 | Faks: 06-2313787